| 000 | 00853nam a22001935i 4500 | ||
|---|---|---|---|
| 001 | 161348 | ||
| 003 | ES-MaACL | ||
| 005 | 20230906212251.0 | ||
| 008 | 041018q18901910it |||| | ger d | ||
| 040 |
_aCAM _bspa _cCAM |
||
| 100 | 0 |
_aPappafava, Vladimir. _988882 |
|
| 245 | 1 | 4 |
_aDie moderne pressgesetzgebung insbesondere der österreichische pressreformentwurf _b: eine geschichtlich-rechtsvergleichende studie / _cvon Vladimir Pappafava ; aus dem italienischen übersetzt und ergänzt von A. Simon. |
| 260 |
_aZara : _bverlag der Internationalem Buchhandlung H.v. Schönfeld ; _aLeipzig ( _fK.F. Koehler, buchhandlung _c[s.a.] |
||
| 300 |
_aIV, 288 p. ; _c22 cm. |
||
| 596 | _aProbablemente imp. ca. 1890-1910. | ||
| 650 | 0 | 4 |
_aPrensa. _916351 |
| 700 | 1 |
_aSimon, A. _9132754 |
|
| 852 |
_aES-MaACL _jG-2808 _z-- Enc. hol., conservando la cub. original |
||
| 999 |
_c161348 _d161348 |
||